[Event "Edinburgh Park op"]
[Site "Edinburgh"]
[Date "2024.03.22"]
[Round "1"]
[White "Lukhi, Neev"]
[Black "Vasiliadis, Theodoros"]
[Result "0-1"]
[WhiteElo "1812"]
[BlackElo "1944"]
[PlyCount "92"]
[EventDate "2024.03.22"]
[EventType "swiss"]
[EventRounds "5"]
[EventCountry "SCO"]
[SourceTitle "CB15_2024"]
[SourceDate "2024.04.10"]
[SourceVersion "1"]
[SourceVersionDate "2024.04.10"]
[SourceQuality "1"]

1. d4 Nf6 2. Bf4 g6 3. Nc3 d5 4. Qd2 Bg7 5. f3 c5 6. 0-0-0 0-0 7. dxc5 Nc6 8. Bg5 Qa5 9. e3 Rd8 10. Nge2 e5 11. Bxf6 Bxf6 12. a3 Be6 13. h4 Qxc5 14. h5 b5 15. hxg6 hxg6 16. f4 b4 17. axb4 Qxb4 18. Nb1 Qb6 19. fxe5 Bg5 20. Nf4 d4 21. g3 dxe3 22. Qh2 Rxd1+ 23. Kxd1 e2+ 24. Bxe2 Rd8+ 25. Nd2 Rxd2+ 26. Kxd2 Bxf4+ 27. gxf4 Kf8 28. Qh8+ Ke7 29. Qh4+ Kd7 30. Bg4 Qd4+ 31. Kc1 Qxf4+ 32. Kb1 Qxg4 33. Qf2 Qc4 34. b3 Qc3 35. Rd1+ Kc7 36. Re1 Nd4 37. Rd1 Nb5 38. Rd2 Na3+ 39. Ka2 Nb5 40. Rd3 Bxb3+ 41. cxb3 Qxd3 42. Qxf7+ Kb6 43. Qf2+ Ka5 44. e6 Nc3+ 45. Ka3 Qd6+ 46. Kb2 Nd1+ 0-1

[Event "SCO-ch op 128th"]
[Site "Dunfermline"]
[Date "2023.07.08"]
[Round "2"]
[White "Vasiliadis, Theodoros"]
[Black "Banerjee, Supratit"]
[Result "0-1"]
[WhiteElo "1817"]
[BlackElo "1895"]
[PlyCount "94"]
[EventDate "2023.07.07"]
[EventType "swiss"]
[EventRounds "5"]
[EventCountry "SCO"]
[SourceTitle "CBM 215 Extra"]
[Source "ChessBase"]
[SourceDate "2023.09.30"]
[SourceVersion "1"]
[SourceVersionDate "2023.09.30"]
[SourceQuality "1"]

1. d4 d5 2. c4 e6 3. Nf3 Be7 4. g3 Nf6 5. Bg2 0-0 6. 0-0 c5 7. cxd5 exd5 8. Nc3 Nc6 9. dxc5 Bxc5 10. Bg5 d4 11. Bxf6 Qxf6 12. Nd5 Qd6 13. Nd2 Bf5 14. Nc4 Qd7 15. Qd2 Rac8 16. Qg5 f6 17. Qh4 Ne7 18. Nxe7+ Qxe7 19. Qf4 Be6 20. Nd2 Rfd8 21. Be4 Qf7 22. Nb3 Bb6 23. Rad1 Rd7 24. Rd3 Rcd8 25. Bf5 Bxf5 26. Qxf5 Rd5 27. Qf3 Qe7 28. Rfd1 R5d6 29. Kg2 g6 30. Rc1 Kg7 31. h4 Re6 32. Rc2 Re5 33. Rcd2 Red5 34. Kg1 R5d6 35. Qg2 R8d7 36. Qf1 Qf7 37. Qd1 Qc4 38. Qc2 Qe6 39. Nc5 Bxc5 40. Qxc5 Rc6 41. Qb4 Rc1+ 42. Kg2 Qc6+ 43. Rf3 Rc4 44. Qb3 b5 45. Qd3 Rc5 46. Kh2 Rh5 47. e3 Qxf3 0-1

[Event "Thessaloniki White Tower op-A 2nd"]
[Site "Thessaloniki"]
[Date "2023.01.08"]
[Round "9"]
[White "Lagaras, Stylianos"]
[Black "Vasiliadis, Theodoros"]
[Result "0-1"]
[WhiteElo "1891"]
[BlackElo "1805"]
[PlyCount "82"]
[EventDate "2023.01.02"]
[EventType "swiss"]
[EventRounds "9"]
[EventCountry "GRE"]
[SourceTitle "CBM 212 Extra"]
[Source "ChessBase"]
[SourceDate "2023.03.31"]
[SourceVersion "1"]
[SourceVersionDate "2023.03.31"]
[SourceQuality "1"]

1. Nf3 Nf6 2. c4 g6 3. b3 Bg7 4. Bb2 0-0 5. g3 d6 6. Bg2 e5 7. 0-0 c5 8. Nc3 Nc6 9. Ne1 Be6 10. e4 Nd4 11. Nc2 a6 12. Ne3 Rb8 13. h3 Qd7 14. Kh2 b5 15. d3 a5 16. f4 exf4 17. gxf4 a4 18. Nxb5 Nxb5 19. cxb5 Qxb5 20. f5 Bd7 21. Rb1 Qa6 22. Kh1 Bb5 23. Bxf6 Bxf6 24. Ng4 Bg5 25. Rf3 h5 26. Nf2 Kg7 27. Bf1 Qa8 28. Be2 Rbe8 29. Qg1 Bh6 30. Rg3 Kh7 31. Rxg6 Rg8 32. Rxg8 Rxg8 33. Qh2 axb3 34. axb3 Qa2 35. Re1 Qd2 36. Rg1 Bf4 37. Rxg8 Bxh2 38. Rg2 Qxe2 39. Kxh2 Qf3 40. Nh1 Bxd3 41. f6 Qxg2+ 0-1

[Event "Thessaloniki Vardaris op 3rd"]
[Site "Thessaloniki"]
[Date "2017.02.26"]
[Round "5"]
[White "Vasiliadis, Theodoros"]
[Black "Deligiorgis, Georgios"]
[Result "1-0"]
[WhiteElo "1731"]
[BlackElo "2096"]
[PlyCount "98"]
[EventDate "2017.02.23"]
[EventType "swiss"]
[EventRounds "7"]
[EventCountry "GRE"]
[SourceTitle "CBM 177 Extra"]
[Source "ChessBase"]
[SourceDate "2017.04.27"]
[SourceVersion "1"]
[SourceVersionDate "2017.04.27"]
[SourceQuality "1"]

1. d4 Nf6 2. c4 e6 3. g3 d5 4. Bg2 Be7 5. Nf3 0-0 6. 0-0 b6 7. Nc3 Ba6 8. Ne5 c6 9. cxd5 cxd5 10. Qa4 Qe8 11. Qb3 Nfd7 12. Nxd7 Qxd7 13. Bf4 Nc6 14. Qa4 Qb7 15. Rfc1 b5 16. Qd1 Qb6 17. e4 Nxd4 18. exd5 Rad8 19. Be3 e5 20. Ne2 Bc5 21. Rxc5 Qxc5 22. Nxd4 exd4 23. Bxd4 Qd6 24. Bxa7 Bb7 25. Qb3 Bxd5 26. Qxb5 Bxg2 27. Kxg2 Ra8 28. Qc5 Qa6 29. Bb6 Rfb8 30. Bc7 Qb7+ 31. Kg1 Rc8 32. Rc1 Ra7 33. Qd4 h6 34. Bf4 Rxc1+ 35. Bxc1 Rxa2 36. b4 Qa8 37. Bb2 f6 38. b5 Ra4 39. Qc3 Qe4 40. b6 Rb4 41. f3 Qb1+ 42. Bc1 Rxb6 43. Kg2 Qa2+ 44. Kh3 Qe6+ 45. Kg2 Rc6 46. Qe3 Rc2+ 47. Kg1 Qd7 48. Qb3+ Kh8 49. Qxc2 Qd4+ 1-0

[Event "Bansko op"]
[Site "Bansko"]
[Date "2010.12.14"]
[Round "3"]
[White "Vasiliadis, Theodoros"]
[Black "Gochev, Mladen"]
[Result "0-1"]
[WhiteElo "1671"]
[BlackElo "2261"]
[PlyCount "75"]
[EventDate "2010.12.13"]
[EventType "swiss"]
[EventRounds "9"]
[EventCountry "BUL"]
[SourceTitle "CBM 139 Extra"]
[Source "ChessBase"]
[SourceDate "2011.01.05"]
[SourceVersion "1"]
[SourceVersionDate "2011.01.05"]
[SourceQuality "1"]

1. e4 c5 2. Nf3 Nc6 3. Bb5 Nf6 4. Bxc6 dxc6 5. d3 Bg4 6. h3 Bh5 7. Nbd2 Nd7 8. b3 e5 9. Nf1 f6 10. Ng3 Bf7 11. Nf5 h5 12. Nd2 g6 13. Ne3 Bh6 14. Qf3 Nf8 15. Bb2 Ne6 16. Rd1 Nd4 17. Bxd4 cxd4 18. Nec4 Ke7 19. b4 b6 20. Nb3 a5 21. bxa5 b5 22. Ncd2 Qd6 23. Qe2 c5 24. 0-0 Rhc8 25. g3 c4 26. Nc1 Rxa5 27. Nf3 Kf8 28. Nh4 Qd7 29. Qf3 Kg7 30. Qg2 Be6 31. Kh2 Bxc1 32. Rxc1 Rxa2 33. Rg1 cxd3 34. cxd3 Rc3 35. g4 hxg4 36. hxg4 Rxd3 37. Nf3 g5 38. Ne1 0-1